Statistics for Transformers Titans Return

Click here to take the quiz!

General Stats

  • This quiz has been taken 72 times
    (49 since last reset)
  • The average score is 37 of 60

Answer Stats

Answer% Correct
Optimus Prime
96%
Megatron
88%
Chromedome
81%
Fortress Maximus
81%
Trypticon
81%
Hardhead
77%
Highbrow
77%
Misfire
77%
Bumblebee
73%
Kickback
73%
Triggerhappy
73%
Blaster
69%
Brainstorm
69%
Hot Rod
69%
Kup
69%
Mindwipe
69%
Seaspray
69%
Sentinel Prime
69%
Blitzwing
65%
Brawn
65%
Broadside
65%
Slugslinger
65%
Soundwave
65%
Wolfwire
65%
Astrotrain
62%
Blurr
62%
Krok
62%
Overlord
62%
Perceptor
62%
Quake
62%
Sky Shadow
62%
Topspin
62%
Twin Twist
62%
Windblade
62%
Arcee
58%
Octone
58%
Ravage
58%
Roadburn
58%
Scourge
58%
Six Shot
58%
Skullsmasher
58%
Twinferno
58%
Alpha Trion
54%
Breakaway
54%
Gnaw
54%
Rewind
54%
Cosmos
50%
Galvatron
50%
Laserbeak
50%
Rumble
50%
Wheelie
50%
Cloudraker
46%
Pounce
46%
Stripes
46%
Quickswitch
42%
Wingspan
42%
Nautica
38%
Tidalwave
35%
Metalhawk
31%
Fastclash
27%

Score Distribution

Percentile by Number Answered

Percent of People with Each Score

Your Score History

You have not taken this quiz since the last reset